000 00855nac a22002777a 4500
001 BR8403210
003 BR-BrBNA
005 20240105120043.0
008 230509b bl.|||m| |||| 00| 0 por d
040 _aBR-BrBNA
_bpor
_cBiblioteca Nacional de Agricultura
072 _aF00
090 _a0120 BR8403210
100 1 _aAntero Neto, J.F.
100 1 _aVieira, F.Z.G.
110 1 _aEmpresa de Pesquisa Agropecuaria do Ceara, Fortaleza (Brasil)
245 1 _aEnsaio nacional de milho normal [variedade, Brasil]
260 3 _aFortaleza, CE (Brasil):
_c1984.
300 _a12 p.
490 _aBoletim de Pesquisa - Empresa de Pesquisa Agropecuaria do Ceara (Brazil)
_vno. 1
_x
650 _aMILHO
650 _aVARIEDADE
650 _aRENDIMENTO
650 _aCEARA
909 _a202312
_bLúcia Elande
_c55
_dLúcia Elande
942 _2AGRIS
_n0
_cMS
999 _c277713
_d277713